000
00291nam a22001337a 4500
008
171027b xxu||||| |||| 00| 0 eng d
020
_a
9780130661944
041
_a
eng
080
_2
6TH
_a
336
100
_a
56
101
_a
FIN
245
_a
PERSONAL FINANCE
_c
WINGER,B.J
942
_2
udc
_c
BK
999
_c
36147
_d
36147